000 00474 a2200169 4500
003 OSt
005 20230825131209.0
008 230825b |||||||| |||| 00| 0 eng d
020 _a9789351611653
040 _coclc
082 _a346.07
_bKAP/B
100 _aKapoor, N D
_99351
245 _aBUSINESS LAW /
_cN D Kapoor
260 _aNew Delhi:
_bSultan chand & sons
_c2023.
300 _a559 pages
942 _2ddc
_cBK
_h346.07
_iKAP/B
_k346.07
_mKAP/B
999 _c41976
_d41976